| 000 | 01183nam0a2200349 4500 | ||
|---|---|---|---|
| 001 | RU\NLR\bibl\156940 | ||
| 005 | 20250618052502.0 | ||
| 010 |
_a5-93929-012-4 _93000 |
||
| 021 |
_aRU _b2000-53132 _92454 |
||
| 035 | _a(NLR Aleph) 000153920 | ||
| 090 |
_a883940 _c883940 |
||
| 100 | _a20010216d2000 |||y0rusy50 ca | ||
| 101 | 0 | _arus | |
| 102 | _aRU | ||
| 105 | _ay ||||||||| | ||
| 200 | 1 |
_aОсложнения инсульта: профилактика и лечение _fБ.С. Виленский |
|
| 210 |
_aСПб. _cФолиант _d2000 |
||
| 215 |
_a127,[1] с. _d21 |
||
| 320 | _aБиблиогр.: с. 123-128 | ||
| 606 | 0 |
_aИнсульт _xОсложнения _91172055 _3RU\NLR\auth\66470427 |
|
| 610 | 0 | _aИнсульт - Осложнения и последствия - Лечение | |
| 675 |
_a616.831-005.1-06 _v3 _zrus |
||
| 686 |
_a76.29 _2rugasnti |
||
| 686 |
_a56.12 _2rubbk |
||
| 686 | _aР627.703.1-7 | ||
| 700 | 1 |
_aВиленский _bБ. С. _gБорис Сергеевич _4070 |
|
| 801 | 0 |
_aRU _bRKP _c20010216 _gPSBO |
|
| 801 | 1 |
_aRU _bRKP _c20010216 |
|
| 801 | 2 |
_aRU _bNLR _c20010605 _grcr |
|
| 942 | _cBOOK | ||
| 980 | _aNB | ||